| 000 | 01712cab a2200229 4500 | ||
|---|---|---|---|
| 001 | ABS67361 | ||
| 008 | 040107n2003 000 0 eng u | ||
| 035 | _a(Sirsi) u124742 | ||
| 100 | _aMurdoch, S. | ||
| 245 | 2 | _aA question of sporting rights | |
| 260 | _c2003 | ||
| 490 |
_aEstates Gazette _v(0349) 22 November 2003, 153(1) |
||
| 520 | _aDiscusses the dispute in "Well Barn Shoot Ltd and another v Shackleton and another" ([2003] EWCA Civ 02, Abs66462). The Oxfordshire shooting estate claimed a right of access over one of the neighbouring farm's fields. Warren Farm's freehold had been purchased in 1991, with the estate reserving the shooting rights over the farm and right of way over a track on the farm. Also the farm had secured planning permission for the development of Warren Farm and the shoot wanted clarification that this development would not affect the shoot. The trial judge made provision for the maintenance of the shoot in light of the proposed development. The appeal centred on whether the judge should have granted a negative declaration of this kind. The fact that details of the development were uncertain, as was the behaviour of future occupiers led to a view that this was likely to provoke rather than resolve disputes. The CA agreed that discretion to grant such declarations should be used with control and that in this case the order was workable and appropriate. | ||
| 590 | _aABS | ||
| 650 | _aWELL BARN SHOOT LTD AND ANOTHER V SHACKLETON AND ANOTHER | ||
| 650 | _aSHOOTING RIGHTS | ||
| 650 | _aSPORTING RIGHTS | ||
| 650 | _aSPORTING ESTATES | ||
| 650 | _aRIGHTS OF ACCESS | ||
| 690 | _aENVIRONMENTAL AND LAND CONSULTANCY-PLANNING AND DEVELOPMENT | ||
| 942 | _n0 | ||
| 999 |
_c74033 _d74033 |
||